000 00871cam a2200265 a 4500
001 000014255
003 DO-SdBNP
005 20251028134445.0
008 901226s1990 ve a b 000 0 spa
020 _a980614967X
035 _a(DLC) 90231190
040 _aDO-SdBNP
_cDLC
049 _aBNGR
050 0 0 _aF2331.B3
_bC37 1990
082 _aNN
_bC322m
100 1 _aCartay Angulo, Rafael,
_d1941-
_932188
245 1 0 _aMemoria de los orígenes : economía y sociedad en Barinas, 1786-1937 /
_cRafael Cartay.
260 _aCaracas :
_bAcademia Nacional de Ciencias Económicas,
_cc1990.
300 _a295 p. :
_bil. ;
_c21 cm.
504 _aBibliografía: (p. 279-295).
651 4 _aBarinas Venezuela : State
_xHistory.
_932189
651 4 _aBarinas Venezuela : State
_xEconomic conditions.
_932190
910 _aCatalogación por copia / LC
942 _2ddc
_cLBS1
999 _c13852
_d13852